<?xml version="1.0" encoding="UTF-8"?>
<record
    xmlns:xsi="http://www.w3.org/2001/XMLSchema-instance"
    xsi:schemaLocation="http://www.loc.gov/MARC21/slim http://www.loc.gov/standards/marcxml/schema/MARC21slim.xsd"
    xmlns="http://www.loc.gov/MARC21/slim">

  <leader>01588nam a22003737a 4500</leader>
  <controlfield tag="008">170928s2002        cr||||| |||| 00| 0 spa d</controlfield>
  <datafield tag="082" ind1="0" ind2="4">
    <subfield code="a">708</subfield>
    <subfield code="b">N897n</subfield>
  </datafield>
  <datafield tag="110" ind1="1" ind2=" ">
    <subfield code="a">Acu&#xF1;a, Fernando.</subfield>
    <subfield code="9">5985</subfield>
  </datafield>
  <datafield tag="245" ind1="1" ind2="0">
    <subfield code="a">Nosotros que nos queremos tanto /</subfield>
    <subfield code="c">Fernado Acu&#xF1;a, Jorge Alb&#xE1;n, Roberto Guerrero, Adela Mar&#xED;n, Roxana Nagygell&#xE9;r, Roc&#xED;o Rojo, Karla Solano, Jaime-David Tischler, Sussy Vargas y Ana de Vicente ; textos por Luis Chaves, Mar&#xED;a Montero y Jazm&#xED;n Ross ; Centro Cultural de Espa&#xF1;a.</subfield>
  </datafield>
  <datafield tag="250" ind1=" " ind2=" ">
    <subfield code="a">1a edici&#xF3;n.</subfield>
  </datafield>
  <datafield tag="260" ind1=" " ind2=" ">
    <subfield code="a">San Jos&#xE9;, Costa Rica :</subfield>
    <subfield code="b">Centro Cultural de Espa&#xF1;a,</subfield>
    <subfield code="c">2002.</subfield>
  </datafield>
  <datafield tag="300" ind1=" " ind2=" ">
    <subfield code="a">33 p&#xE1;ginas :</subfield>
    <subfield code="b">ilustraciones en color.</subfield>
  </datafield>
  <datafield tag="500" ind1=" " ind2=" ">
    <subfield code="a">Cat&#xE1;logo publicado con motivo a la exposici&#xF3;n colectiva "Nosotros que nos queremos tanto", presentada del 29 de abril al 31 de mayo de 2002, en el Centro Cultural de Espa&#xF1;a.</subfield>
  </datafield>
  <datafield tag="653" ind1="1" ind2="0">
    <subfield code="a">Arte contempor&#xE1;neo</subfield>
  </datafield>
  <datafield tag="653" ind1="1" ind2="0">
    <subfield code="a">Cat&#xE1;logo de exhibici&#xF3;n</subfield>
  </datafield>
  <datafield tag="653" ind1="1" ind2="0">
    <subfield code="a">Exhibiciones</subfield>
  </datafield>
  <datafield tag="653" ind1="1" ind2="0">
    <subfield code="a">Fotograf&#xED;a </subfield>
  </datafield>
  <datafield tag="653" ind1="1" ind2="0">
    <subfield code="a">Exhibici&#xF3;n colectiva</subfield>
  </datafield>
  <datafield tag="653" ind1="1" ind2="0">
    <subfield code="a">Artistas costarricences</subfield>
  </datafield>
  <datafield tag="653" ind1="1" ind2="0">
    <subfield code="a">Arte - Costa RIca</subfield>
  </datafield>
  <datafield tag="700" ind1="1" ind2=" ">
    <subfield code="a">Alb&#xE1;n, Jorge.</subfield>
    <subfield code="9">5733</subfield>
  </datafield>
  <datafield tag="700" ind1="1" ind2=" ">
    <subfield code="a">Guerrero, Roberto.</subfield>
    <subfield code="9">5986</subfield>
  </datafield>
  <datafield tag="700" ind1="1" ind2=" ">
    <subfield code="a">Mar&#xED;n, Adela.</subfield>
    <subfield code="9">5987</subfield>
  </datafield>
  <datafield tag="700" ind1="1" ind2=" ">
    <subfield code="a">Nagygell&#xE9;r, Roxana.</subfield>
    <subfield code="9">5988</subfield>
  </datafield>
  <datafield tag="700" ind1="1" ind2=" ">
    <subfield code="a">Rojo, Roc&#xED;o.</subfield>
    <subfield code="9">5989</subfield>
  </datafield>
  <datafield tag="700" ind1="1" ind2=" ">
    <subfield code="a">Solano, Karla.</subfield>
    <subfield code="9">5990</subfield>
  </datafield>
  <datafield tag="700" ind1="1" ind2=" ">
    <subfield code="a">Tischler, Jaime-David.</subfield>
    <subfield code="9">5991</subfield>
  </datafield>
  <datafield tag="700" ind1="1" ind2=" ">
    <subfield code="a">Vargas, Sussy.</subfield>
    <subfield code="9">1699</subfield>
  </datafield>
  <datafield tag="700" ind1="1" ind2=" ">
    <subfield code="a">Vicente, Ana de.</subfield>
    <subfield code="9">3627</subfield>
  </datafield>
  <datafield tag="700" ind1="1" ind2=" ">
    <subfield code="a">Chaves, Luis.</subfield>
    <subfield code="9">5992</subfield>
  </datafield>
  <datafield tag="700" ind1="1" ind2=" ">
    <subfield code="a">Montero, Mar&#xED;a.</subfield>
    <subfield code="9">5993</subfield>
  </datafield>
  <datafield tag="700" ind1="1" ind2=" ">
    <subfield code="a">Ross, Jazm&#xED;n.</subfield>
    <subfield code="9">5994</subfield>
  </datafield>
  <datafield tag="710" ind1="1" ind2=" ">
    <subfield code="a">Centro Cultural de Espa&#xF1;a.</subfield>
    <subfield code="9">2483</subfield>
  </datafield>
  <datafield tag="999" ind1=" " ind2=" ">
    <subfield code="c">1294</subfield>
    <subfield code="d">1294</subfield>
  </datafield>
  <datafield tag="952" ind1=" " ind2=" ">
    <subfield code="0">0</subfield>
    <subfield code="1">0</subfield>
    <subfield code="2">ddc</subfield>
    <subfield code="4">0</subfield>
    <subfield code="7">0</subfield>
    <subfield code="a">LV</subfield>
    <subfield code="b">LV</subfield>
    <subfield code="c">Colectivas</subfield>
    <subfield code="d">2017-09-28</subfield>
    <subfield code="l">0</subfield>
    <subfield code="o">708 N897n</subfield>
    <subfield code="p">003894</subfield>
    <subfield code="r">2017-09-28 00:00:00</subfield>
    <subfield code="w">2017-09-28</subfield>
    <subfield code="y">01</subfield>
  </datafield>
</record>
